|
|
|
|
| LEADER |
03589nam a22004333i 4500 |
| 001 |
EBC30754847 |
| 003 |
MiAaPQ |
| 005 |
20231204023231.0 |
| 006 |
m o d | |
| 007 |
cr cnu|||||||| |
| 008 |
231204s2023 xx o ||||0 eng d |
| 020 |
|
|
|a 9782875746320
|q (electronic bk.)
|
| 020 |
|
|
|z 9782875744272
|
| 035 |
|
|
|a (MiAaPQ)EBC30754847
|
| 035 |
|
|
|a (Au-PeEL)EBL30754847
|
| 035 |
|
|
|a (OCoLC)1401056069
|
| 040 |
|
|
|a MiAaPQ
|b eng
|e rda
|e pn
|c MiAaPQ
|d MiAaPQ
|
| 100 |
1 |
|
|a Astroza Suarez, Paulina.
|
| 245 |
1 |
0 |
|a Over the Atlantic :
|b Diplomacy and Paradiplomacy in EU and Latin America.
|
| 250 |
|
|
|a 1st ed.
|
| 264 |
|
1 |
|a Brussels :
|b P.I.E. - Peter Lang SA Éditions Scientifiques Internationales,
|c 2023.
|
| 264 |
|
4 |
|c {copy}2023.
|
| 300 |
|
|
|a 1 online resource (188 pages)
|
| 336 |
|
|
|a text
|b txt
|2 rdacontent
|
| 337 |
|
|
|a computer
|b c
|2 rdamedia
|
| 338 |
|
|
|a online resource
|b cr
|2 rdacarrier
|
| 490 |
1 |
|
|a Euroclio Series ;
|v v.115
|
| 505 |
0 |
|
|a Cover -- Series Information -- Copyright Information -- Table of contents -- Introduction (Paulina Astroza Suarez, Giuliana Laschi, Nahuel Oddone, Mario Torres Jarrin) -- Part I: The institutionalization and normalization of paradiplomacy in foreign policy in Latin America and Europe -- Cross-border paradiplomacy in Latin America: Opportunities and challenges for the reopening of borders and the post-Covid-19 recovery (Nahuel Oddone) -- The international linkage of Chilean regions as an example of paradiplomacy in a Unitary State (Paulina Astroza Suárez, Pablo Navarro Rosas) -- Galician paradiplomacy (1981-2021): A general description and ten final notes (Celso Cancela Outeda) -- Part II: Paradiplomacy and cooperation, between international and regional relations -- Link between the localization of SDGs and territorial development: An environmental paradiplomacy-based approach (Mariano Alvarez) -- Paradiplomacy, "actorness", and the global agendas (Javier Sánchez Cano) -- Paradiplomacy and cooperation in the pandemic era: A review from China in Latin America (Florencia Rubiolo, Gonzalo Fiore Viani) -- Part III: Beyond traditional state diplomacy: Cities and parliaments as international diplomatic actors -- Parliamentary diplomacy in practice: The role of the European Parliament delegations in the modernization of the Global Agreement between the European Union and Mexico (Mónica Velasco-Pufleau) -- City diplomacy. Theory and practice of paradiplomacy: Smart city Sweden case (Mario Torres Jarrín).
|
| 520 |
|
|
|a The book analyses diplomacy and paradiplomacy in the European Union and in Latin America from a multidisciplinary perspective. The paradiplomacy, as a means of unofficial relationships that reacts differently to the pressure of the international system, despite its relevance and importance, is scarcely analysed by academia.
|
| 588 |
|
|
|a Description based on publisher supplied metadata and other sources.
|
| 590 |
|
|
|a Electronic reproduction. Ann Arbor, Michigan : ProQuest Ebook Central, 2023. Available via World Wide Web. Access may be limited to ProQuest Ebook Central affiliated libraries.
|
| 655 |
|
4 |
|a Electronic books.
|
| 700 |
1 |
|
|a Laschi, Giuliana.
|
| 700 |
1 |
|
|a Oddone, Nahuel.
|
| 700 |
1 |
|
|a Torres Jarrin, Mario.
|
| 776 |
0 |
8 |
|i Print version:
|a Astroza Suarez, Paulina
|t Over the Atlantic
|d Brussels : P.I.E. - Peter Lang SA Éditions Scientifiques Internationales,c2023
|z 9782875744272
|
| 797 |
2 |
|
|a ProQuest (Firm)
|
| 830 |
|
0 |
|a Euroclio Series
|
| 856 |
4 |
0 |
|u https://ebookcentral.proquest.com/lib/matrademy/detail.action?docID=30754847
|z Click to View
|